Zeitschrift fur Bucherfreunde : (Record no. 273441)
[ view plain ]
| 000 -LEADER | |
|---|---|
| fixed length control field | 00895cam a22002412 4500 |
| 001 - CONTROL NUMBER | |
| control field | 000739441 |
| 003 - CONTROL NUMBER IDENTIFIER | |
| control field | AM-YeHGA |
| 005 - DATE AND TIME OF LATEST TRANSACTION | |
| control field | 20250617143331.0 |
| 008 - FIXED-LENGTH DATA ELEMENTS--GENERAL INFORMATION | |
| fixed length control field | 920108s1897 gw |||||||||||||||||ger|d |
| 040 ## - CATALOGING SOURCE | |
| Original cataloging agency | AM-YeHGA |
| 041 0# - LANGUAGE CODE | |
| Language code of text/sound track or separate title | ger |
| 090 ## - LOCALLY ASSIGNED LC-TYPE CALL NUMBER (OCLC); LOCAL CALL NUMBER (RLIN) | |
| -- | 275084 |
| 245 00 - TITLE STATEMENT | |
| Title | Zeitschrift fur Bucherfreunde : |
| Remainder of title | Monatschefte fur Bibliophilie und verwandte Interessen / |
| Statement of responsibility, etc. | Hrsg. von Fedor von Zobeltitz. |
| 260 ## - PUBLICATION, DISTRIBUTION, ETC. | |
| Place of publication, distribution, etc. | Bielefeld ; |
| -- | Leipzig : |
| Name of publisher, distributor, etc. | Velhagen & Klasing, |
| Date of publication, distribution, etc. | 1897-. |
| 300 ## - PHYSICAL DESCRIPTION | |
| Extent | v. : |
| Other physical details | ill. (part col.) plates (part col.) ports., facsims. ; |
| Dimensions | 30 cm. |
| 505 10 - FORMATTED CONTENTS NOTE | |
| Miscellaneous information | 1. Jahrg. 1897/1898, Bd. 1 (344 p.) |
| 650 #0 - SUBJECT ADDED ENTRY--TOPICAL TERM | |
| Topical term or geographic name entry element | Bibliography |
| 650 #0 - SUBJECT ADDED ENTRY--TOPICAL TERM | |
| Topical term or geographic name entry element | Book collecting |
| 700 1# - ADDED ENTRY--PERSONAL NAME | |
| Personal name | Zobeltitz, Fedor Karl Maria Hermann August von, |
| Dates associated with a name | 1857-1934, |
| Relationship | edt. |
| 710 2# - ADDED ENTRY--CORPORATE NAME | |
| Corporate name or jurisdiction name as entry element | Gesellschaft der bibliophilen, Weimar. |
| 710 2# - ADDED ENTRY--CORPORATE NAME | |
| Corporate name or jurisdiction name as entry element | Verein deutscher buchgewerbekunstler. |
| 710 2# - ADDED ENTRY--CORPORATE NAME | |
| Corporate name or jurisdiction name as entry element | Wiener bibliophilen-gesellschaft. |
| Withdrawn status | Lost status | Damaged status | Not for loan | Collection | Home library | Current library | Date acquired | Cost, normal purchase price | Serial enumeration / chronology | Shelving control number | Total checkouts | Full call number | Barcode | Date last seen | Price effective from | Koha item type | Public note |
|---|---|---|---|---|---|---|---|---|---|---|---|---|---|---|---|---|---|
| General | Fundamental Scientific Library | Fundamental Scientific Library | 29/12/2016 | 5000.00 | 1. Jahrg. 1897/1898, Bd. 1 | И III/21443 | FL0149762 | 29/12/2016 | 29/12/2016 | Գրքեր / Books | 30 Days Loan |
ՀՀ Գիտությունների ազգային ակադեմիայի հիմնարար գիտական գրադարան = Fundamental Scientific Library of NAS RA
All site content, except where otherwise noted, is licensed under a